000 00556nam a22002057a 4500
003 OSt
005 20140310182910.0
008 130128t xxu||||| |||| 00| 0 eng d
020 _a9789716918922
050 _aKPM 1507
_b.P349 2009
082 _aFIL 363.7
_b.P349 2009
245 _aEnvironmental law
_cPe Benito, Galahad R.A.
_bpollution control
260 _aQuezon City
_bCentral Book Supply
_c2009
300 _a537 p.
_c22 cm.
521 _acollege students
526 _c1210L-1700L
541 _j1
562 _e1
942 _2lcc
_cBK
_kFIL
999 _c17208
_d17208